Statistiques concernant Langue française: Le jeu des 8 lettres #5

Cliquez ici pour prendre le quiz!

Statistiques générales

  • Ce quiz a été pris 473 fois
  • Le résultat moyen est 13 sur 20

Statistiques - réponses

DéfinitionMot% Correct
Créature légendaire crachant du feuDragon
99%
Qui n'est pas blancNoir
99%
Pas petitGrand
98%
Homme très petitNain
95%
Lieu où se battent les boxeursRing
95%
Tribune de stades Gradin
88%
Museau du cochonGroin
87%
Près de ses sousRadin
84%
Rongeur aquatique d'eau douceRagondin
79%
Passer à l'actionAgir
78%
Père en argotDaron
78%
Ce qu'on gagneGain
76%
SemenceGrain
69%
Sans importanceAnodin
48%
Chien sauvage d'Australie (entre autres)Dingo
44%
Gaz rare au numéro atomique 18Argon
42%
Une des herbes de ProvenceOrigan
33%
Ondes à grande longueur d'ondeRadio
27%
Samouraï sans maîtreRōnin
23%
Forte douleur de poitrineAngor
7%

Distribution des résultats

Percentile par nombre de réponses

% des personnes avec chaque résultat

Votre développement - résultats

Vous n’avez pas pris ce quiz